| 000 | 00732nam a2200205 a 4500 | ||
|---|---|---|---|
| 005 | 20240925065613.0 | ||
| 008 | 070212s2000 es r 000 0 spa d | ||
| 020 | _a8476585713 | ||
| 035 | _aUPN01000149307 | ||
| 049 | _aCG | ||
| 050 | 4 |
_aHM101 _bA4.7 |
|
| 100 | 1 |
_aAlexander, Jeffrey C., _d1947- _930601 |
|
| 245 | 1 | 0 |
_aSociología cultural : _bformas de clasificación en las sociedades complejas / _cJeffrey C. Alexander ; introd. de Isidro H. Cisneros ; tr. Celso Sánchez Capdequí. |
| 260 |
_aBarcelona, Esp. : _bAnthropos, _c2000. |
||
| 300 | _axiv, 271 p. | ||
| 440 | 0 |
_aAutores, textos y temas ; _v23. _pCiencias sociales |
|
| 650 | 4 |
_aCULTURA - _xASPECTOS SOCIALES _96808 |
|
| 650 | 4 |
_aSociología _95756 |
|
| 905 | _aLibro | ||
| 999 |
_c121448 _d121448 |
||